[Event "SVK-chT2C 1314"]
[Site "Slovakia"]
[Date "2013.11.23"]
[Round "3.5"]
[White "Ondras, Juraj"]
[Black "Gajdosik, Andrej"]
[Result "1-0"]
[WhiteElo "2007"]
[BlackElo "2049"]
[PlyCount "137"]
[EventDate "2013.10.19"]
[EventType "team-tourn"]
[EventRounds "11"]
[EventCountry "SVK"]
[SourceTitle "EXT 2015"]
[Source "ChessBase"]
[SourceDate "2014.11.20"]
[SourceVersion "1"]
[SourceVersionDate "2014.11.20"]
[SourceQuality "1"]
[WhiteTeam "Banska Bystrica Veza"]
[BlackTeam "Zilina Mladost II"]
[WhiteTeamCountry "SVK"]
[BlackTeamCountry "SVK"]

1. Nf3 Nf6 2. c4 d5 3. b3 c6 4. Bb2 g6 5. g3 Bg7 6. Bg2 0-0 7. 0-0 Be6 8. d3 Qc8 9. Nbd2 Bh3 10. Rc1 Bxg2 11. Kxg2 Qd8 12. Rc2 Na6 13. a3 Nc7 14. Qa1 Rc8 15. Rfc1 Ne6 16. b4 Nh5 17. Bxg7 Nhxg7 18. Nd4 f6 19. N2f3 a6 20. Nb3 Qd7 21. Qc3 Nh5 22. Kh1 Rc7 23. d4 Nhg7 24. a4 Rfc8 25. a5 Ne8 26. Nc5 Nxc5 27. bxc5 Qf5 28. Kg2 Qe4 29. Rd2 g5 30. Qd3 Qxd3 31. Rxd3 Rd8 32. Rb3 Rdd7 33. g4 Ng7 34. Re3 Kf7 35. Rb3 Ne6 36. e3 Nd8 37. Rb6 e6 38. Kg3 Re7 39. h4 h6 40. Rc2 Kg7 41. Nd2 Red7 42. f4 Nf7 43. Nf3 Kg6 44. h5+ Kg7 45. f5 e5 46. cxd5 Rxd5 47. Rcb2 Rdd7 48. R6b4 Re7 49. e4 Rcd7 50. Rd2 Rc7 51. Kf2 Kf8 52. Ke3 Ke8 53. Rc4 exd4+ 54. Rcxd4 Ne5 55. Rd8+ Kf7 56. Nxe5+ Rxe5 57. R2d7+ Re7 58. Rxc7 Rxc7 59. Kd4 Re7 60. Rd6 Kg7 61. Kd3 Kf7 62. Kd4 Kg7 63. e5 Rxe5 64. Rd7+ Kf8 65. Rxb7 Re1 66. Rb6 Rg1 67. Rxc6 Rxg4+ 68. Kd5 Rf4 69. Ke6 1-0

[Event "SVK-ch op"]
[Site "Banska Stiavnica"]
[Date "2013.07.14"]
[Round "9"]
[White "Malinovsky, Jozef"]
[Black "Ondras, Juraj"]
[Result "0-1"]
[WhiteElo "1846"]
[BlackElo "2016"]
[PlyCount "66"]
[EventDate "2013.07.06"]
[EventType "swiss"]
[EventRounds "9"]
[EventCountry "SVK"]
[SourceTitle "CBM 155 Extra"]
[Source "ChessBase"]
[SourceDate "2013.08.26"]
[SourceVersion "1"]
[SourceVersionDate "2013.08.26"]
[SourceQuality "1"]

1. d4 Nf6 2. c4 e6 3. Nc3 Bb4 4. Bd2 b6 5. a3 Bxc3 6. Bxc3 Bb7 7. e3 0-0 8. Nf3 Ne4 9. Bd3 d6 10. 0-0 f5 11. Re1 Nd7 12. Bf1 Nxc3 13. bxc3 Qf6 14. Rc1 g5 15. Re2 Rf7 16. Rb2 Kh8 17. Rcc2 Rg8 18. Qe2 Rg6 19. a4 a5 20. Ne1 e5 21. d5 Nc5 22. Ra2 e4 23. Qd2 Rfg7 24. Be2 Rh6 25. Qd4 Qf7 26. g4 Nb3 27. Qd1 f4 28. f3 fxe3 29. Ng2 exf3 30. Bxf3 Nd2 31. Be2 Qf2+ 32. Kh1 Rxh2+ 33. Kxh2 Rg6 0-1

[Event "SVK-ch op"]
[Site "Banska Stiavnica"]
[Date "2013.07.13"]
[Round "8"]
[White "Ondras, Juraj"]
[Black "Gonda, Jozef"]
[Result "1-0"]
[WhiteElo "2016"]
[BlackElo "1808"]
[PlyCount "79"]
[EventDate "2013.07.06"]
[EventType "swiss"]
[EventRounds "9"]
[EventCountry "SVK"]
[SourceTitle "CBM 155 Extra"]
[Source "ChessBase"]
[SourceDate "2013.08.26"]
[SourceVersion "1"]
[SourceVersionDate "2013.08.26"]
[SourceQuality "1"]

1. Nf3 Nf6 2. c4 c5 3. b3 g6 4. Bb2 Bg7 5. g3 0-0 6. Bg2 Nc6 7. 0-0 d6 8. d4 cxd4 9. Nxd4 Bd7 10. Nc3 Rb8 11. e4 Nxd4 12. Qxd4 b6 13. Rfd1 Ne8 14. Qd2 Bg4 15. f3 Bc8 16. f4 Bb7 17. Kh1 Nc7 18. Qe2 Qe8 19. Rac1 Ne6 20. Na4 Bxb2 21. Qxb2 b5 22. cxb5 Qxb5 23. Nc3 Qe8 24. Qa3 a6 25. Nd5 Kg7 26. b4 f6 27. Qa5 Rf7 28. a3 h5 29. h4 Kh6 30. Kh2 Ng7 31. Ne3 e5 32. f5 gxf5 33. exf5 Bxg2 34. Kxg2 Qd7 35. Qd5 Rd8 36. Rf1 Qa7 37. Rc3 Qb7 38. Rd1 Qb6 39. Qxf7 d5 40. Qg6# 1-0

[Event "SVK-ch op"]
[Site "Banska Stiavnica"]
[Date "2013.07.12"]
[Round "7"]
[White "Volna, Lukas"]
[Black "Ondras, Juraj"]
[Result "1/2-1/2"]
[WhiteElo "1809"]
[BlackElo "2016"]
[PlyCount "97"]
[EventDate "2013.07.06"]
[EventType "swiss"]
[EventRounds "9"]
[EventCountry "SVK"]
[SourceTitle "CBM 155 Extra"]
[Source "ChessBase"]
[SourceDate "2013.08.26"]
[SourceVersion "1"]
[SourceVersionDate "2013.08.26"]
[SourceQuality "1"]

1. e4 c5 2. Nf3 d6 3. d4 cxd4 4. Nxd4 Nf6 5. Nc3 Nc6 6. Be2 e6 7. Be3 a6 8. a4 Be7 9. 0-0 0-0 10. f4 Qc7 11. Kh1 Re8 12. Nb3 b6 13. g4 Bb7 14. Bf3 Bf8 15. Rf2 Rac8 16. h4 Nd7 17. Qg1 Nb4 18. Rd2 Nc5 19. g5 g6 20. Nxc5 dxc5 21. h5 Rcd8 22. Rad1 Rxd2 23. Rxd2 Rd8 24. Rh2 e5 25. hxg6 fxg6 26. Qg4 exf4 27. Qe6+ Qf7 28. Qxf7+ Kxf7 29. Rxh7+ Bg7 30. Bxf4 Rh8 31. Rxh8 Bxh8 32. Nd5 Nxc2 33. Nxb6 Ne1 34. Nc4 Nxf3 35. Nd6+ Ke6 36. Nxb7 c4 37. Na5 Bxb2 38. Nxc4 Be5 39. Be3 Ne1 40. Kg1 Nd3 41. Kg2 Bc7 42. Kf3 Nb4 43. Ke2 Nc6 44. Kd3 Bd8 45. Bf4 Be7 46. Ne3 Ne5+ 47. Ke2 Nf7 48. Nd5 Bxg5 49. Bxg5 1/2-1/2

[Event "SVK-chT2C 1213"]
[Site "Slovakia"]
[Date "2013.02.02"]
[Round "7.4"]
[White "Stric, Dusan"]
[Black "Ondras, Juraj"]
[Result "1/2-1/2"]
[WhiteElo "2045"]
[BlackElo "2000"]
[PlyCount "132"]
[EventDate "2012.10.13"]
[EventType "team-tourn"]
[EventRounds "11"]
[EventCountry "SVK"]
[SourceTitle "EXT 2015"]
[Source "ChessBase"]
[SourceDate "2014.11.20"]
[SourceVersion "1"]
[SourceVersionDate "2014.11.20"]
[SourceQuality "1"]
[WhiteTeam "Dolny Kubin"]
[BlackTeam "Banska Bystrica Veza"]
[WhiteTeamCountry "SVK"]
[BlackTeamCountry "SVK"]

1. c4 e5 2. Nc3 Nf6 3. g3 Bb4 4. Qc2 0-0 5. Bg2 c6 6. e3 d5 7. cxd5 cxd5 8. d4 e4 9. Nge2 Nc6 10. 0-0 Bg4 11. a3 Bxc3 12. Nxc3 Qd7 13. b4 Bf3 14. h3 h5 15. Kh2 g5 16. Bxf3 exf3 17. e4 Nxd4 18. Qd2 Ne6 19. exd5 Rfd8 20. Rd1 Qc7 21. Qe3 Ng7 22. Qxf3 Qe5 23. Bb2 Qf5 24. Qxf5 Nxf5 25. Rd3 Nd6 26. Na4 Nfe8 27. Rad1 Rac8 28. Bc1 Ne4 29. Be3 f6 30. Nc5 N8d6 31. f3 Nxc5 32. bxc5 Nc4 33. c6 bxc6 34. dxc6 Rxd3 35. Rxd3 Nxe3 36. Rxe3 Kf7 37. Rc3 Ke6 38. f4 Kd6 39. Rd3+ Kxc6 40. Rc3+ Kd7 41. Rxc8 Kxc8 42. Kg2 Kd7 43. Kf3 Ke6 44. g4 hxg4+ 45. Kxg4 gxf4 46. Kxf4 f5 47. h4 Kf6 48. h5 a6 49. a4 a5 50. h6 Kg6 51. h7 Kxh7 52. Kxf5 Kh6 53. Kf6 Kh5 54. Ke5 Kg5 55. Kd5 Kf5 56. Kc5 Ke5 57. Kb5 Kd5 58. Kxa5 Kc5 59. Ka6 Kc6 60. Ka7 Kc7 61. a5 Kc8 62. Ka8 Kc7 63. a6 Kc8 64. Ka7 Kc7 65. Ka8 Kc8 66. a7 Kc7 1/2-1/2

[Event "SVK-chT2C 1213"]
[Site "Slovakia"]
[Date "2012.12.16"]
[Round "6.3"]
[White "Mraz, Ondrej"]
[Black "Ondras, Juraj"]
[Result "0-1"]
[WhiteElo "2024"]
[BlackElo "2000"]
[PlyCount "92"]
[EventDate "2012.10.13"]
[EventType "team-tourn"]
[EventRounds "11"]
[EventCountry "SVK"]
[SourceTitle "EXT 2015"]
[Source "ChessBase"]
[SourceDate "2014.11.20"]
[SourceVersion "1"]
[SourceVersionDate "2014.11.20"]
[SourceQuality "1"]
[WhiteTeam "Liptov Chess School II"]
[BlackTeam "Banska Bystrica Veza"]
[WhiteTeamCountry "SVK"]
[BlackTeamCountry "SVK"]

1. e4 c5 2. Nf3 d6 3. d4 cxd4 4. Nxd4 Nf6 5. Nc3 Nc6 6. Bg5 e6 7. Be2 a6 8. 0-0 Bd7 9. Kh1 b5 10. a3 Rc8 11. f4 Be7 12. Rf3 Qb6 13. Nxc6 Bxc6 14. Bd3 h6 15. Bh4 g5 16. Bf2 Qc7 17. fxg5 hxg5 18. Bg3 Nh5 19. Be2 Nxg3+ 20. Rxg3 d5 21. Qd4 Rh4 22. Qe3 dxe4 23. Rh3 Qe5 24. Rf1 Bd6 25. Bh5 Rc7 26. Ne2 Bc5 27. Qg3 Qxg3 28. hxg3 Rxh3+ 29. gxh3 Kf8 30. Kg2 f5 31. h4 gxh4 32. Nf4 Ke7 33. g4 Rd7 34. gxf5 exf5 35. Ne2 Rd5 36. Kh3 Bd7 37. Kxh4 Rd2 38. b4 Be3 39. c3 Be6 40. Ra1 Bc4 41. Nd4 Kf6 42. Be8 Bg5+ 43. Kh3 Rd3+ 44. Kg2 Rxc3 45. a4 Be3 46. Rd1 Bd3 0-1